[Event "Riga Tal Memorial"]
[Site "Riga"]
[Date "1995.??.??"]
[Round "4"]
[White "Timman, Jan H"]
[Black "Kramnik, Vladimir"]
[Result "1/2-1/2"]
[WhiteElo "2635"]
[BlackElo "2715"]
[Annotator "Ftacnik,L"]
[PlyCount "46"]
[EventDate "1995.04.??"]
[EventType "tourn"]
[EventRounds "11"]
[EventCountry "LAT"]
[EventCategory "17"]
[SourceTitle "CBM 047"]
[Source "ChessBase"]
[SourceDate "1995.08.01"]
[SourceVersion "1"]
[SourceVersionDate "1995.08.01"]
[SourceQuality "1"]

1. e4 c5 2. Nf3 Nc6 3. Bb5 g6 4. O-O Bg7 5. Re1 Nf6 6. e5 Nd5 7. Nc3 Nc7 8.
Bxc6 dxc6 9. Ne4 b6 10. Nf6+ Kf8 11. Ne4 Bg4 (11... h6 12. b3 Kg8 13. Bb2 Kh7
14. d3 Rf8 15. Qd2 Ne6 16. a4 a5 17. h4 Bb7 18. Qe3 Qc7 19. h5 Rad8 20. Nf6+
exf6 21. exf6 Rde8 22. fxg7 Nxg7 23. hxg6+ fxg6 24. Qd2 {Biyiasas,P-Zaltsman,V/
Lone Pine/1980/1-0 (60)}) 12. d3 (12. h3 Bxf3 13. Qxf3 Ne6 14. d3 Qd5 15. Bd2
Rd8 16. Bc3 Bxe5 17. Nxc5 Qxf3 18. Nxe6+ fxe6 19. Bxe5 Qd5 20. Bxh8 c5 21. Re4
Kf7 22. Bc3 b5 23. b3 Rc8 24. Rae1 {Glek,I-Wells,P/Wijk Sonnevanck (04)/1995/
0-1 (40)}) 12... Bxe5 (12... Ne6 13. Ned2 Qd5 14. h3 Bxf3 15. Nxf3 Rd8 16. Qe2
h6 17. Be3 (17. a4 Kg8 18. a5 b5 19. h4 Kh7 20. g3 a6 21. b3 Rhe8 22. Bb2 f5
23. exf6 exf6 24. Qe4 {Durnik,S-Certek,P/SVK-chT (10)/1994/0.5 (74)}) 17... Kg8
18. c4 Qxd3 19. Qxd3 Rxd3 20. Rad1 Rxd1 21. Rxd1 f5 22. exf6 Bxf6 23. Rd7 Kf7
24. Rxa7 {Lutz,C-Piket,J/Wijk op (07)/1995/0.5 (30)}) 13. Nxe5 $5 Bxd1 14. Bh6+
Kg8 (14... Ke8 $2 15. Nxc6 f5 (15... Qc8 16. Nf6#) 16. Raxd1 fxe4 17. Nxd8 $18)
15. Nxc6 Bxc2 (15... Qd7 16. Nf6+ exf6 17. Ne7+ Qxe7 18. Rxe7 Nd5 (18... Bxc2
19. Rxc7 Bxd3 20. Rd1 Re8 21. h4 Bf5 22. Rxa7 $14) 19. Rd7 Bxc2 20. Rxd5 Re8
21. Kf1 Ba4 22. Re1 $16) 16. Nc3 (16. Nxd8 Rxd8 17. b4 $1 Bxd3 $1 (17... cxb4
18. Rac1 Bxd3 19. Rxc7 Bxe4 20. Rxe7 Bc6 21. Rxa7 $14) (17... Ne6 18. bxc5 bxc5
19. Rac1 Bxd3 20. Nxc5 Nxc5 21. Rxc5 $14) 18. bxc5 Bxe4 19. Rxe4 Ne6 $10) 16...
e6 $1 (16... Bxd3 17. Nxe7+ Qxe7 18. Rxe7 Ne8 19. Rae1 Ng7 20. Nd5 $16) 17.
Nxd8 Rxd8 18. Bg5 Kg7 (18... Rxd3 $2 19. Re2 $1 $16) (18... Rd7 19. Bf6) 19.
Bxd8 Rxd8 20. Rac1 Bxd3 21. Red1 e5 (21... c4 22. b3 b5 23. Nxb5 Nxb5 24. bxc4
Nd4 25. Rxd3 Ne2+ 26. Kf1 Rxd3 27. Kxe2 $14) 22. Re1 Re8 23. b3 Nb5 1/2-1/2

[Event "Riga Tal Memorial"]
[Site "Riga"]
[Date "1995.??.??"]
[Round "6"]
[White "Kramnik, Vladimir"]
[Black "Anand, Viswanathan"]
[Result "1/2-1/2"]
[WhiteElo "2715"]
[BlackElo "2715"]
[Annotator "Ftacnik,L"]
[PlyCount "81"]
[EventDate "1995.04.??"]
[EventType "tourn"]
[EventRounds "11"]
[EventCountry "LAT"]
[EventCategory "17"]
[SourceTitle "CBM 047"]
[Source "ChessBase"]
[SourceDate "1995.08.01"]
[SourceVersion "1"]
[SourceVersionDate "1995.08.01"]
[SourceQuality "1"]

1. Nf3 g6 2. d4 Nf6 3. c4 Bg7 4. Nc3 d5 5. cxd5 Nxd5 6. e4 Nxc3 7. bxc3 c5 8.
Rb1 O-O 9. Be2 cxd4 10. cxd4 Qa5+ 11. Bd2 Qxa2 12. O-O Bg4 13. Bg5 h6 14. Be3
Nc6 15. d5 Na5 16. Bc5 Bf6 17. e5 Bxe5 18. Rb4 $5 $146 (18. h3 Rfd8 $5 (18...
Bxf3 19. Bxf3 Rfe8 20. d6 Qc4 21. d7 Qxc5 22. dxe8=Q+ Rxe8 23. Qa4 Nc6 24. Rxb7
{Gelfand,B-Ivanchuk,V/Tilburg/1990/1-0 (62)}) 19. hxg4 Rxd5 20. Bd4 $1 Bxd4 21.
Nxd4 Rad8 $1 22. Qc2 $1 Qxc2 23. Nxc2 Rd2 24. Rfd1 Nc4 $1 $44 {
Strelbin-Nadanian,A/URS/1991/}) 18... Bxf3 19. Bxf3 Rae8 (19... Rac8 20. Bxe7
Rfe8 21. d6 $16) 20. Be3 (20. Ra4 $2 Qb3 21. Rxa5 Qxd1 22. Rxd1 b6 23. Rxa7
bxc5 $17) 20... Bc3 (20... Bg7 $2 21. Ra4 Qb2 22. Rxa5 $18) 21. Ra4 Qb2 (21...
Qb3 22. Bxh6 Qxd1 23. Rxd1 b5 24. Ra3 Bb4 25. Ra2 $16) 22. Qd3 {/\ Rb1} (22.
Bxh6 b5 23. Bc1 Qb3 24. Qxb3 Nxb3 25. Rxa7 Nxc1 26. Rxc1 b4 $17) 22... b5 23.
Bc1 (23. Rb1 $2 Qxb1+ 24. Qxb1 bxa4 25. Bxh6 Rb8 26. Qc2 Rfc8 $17) 23... bxa4
$1 (23... Qb3 $2 24. Rxa5 $18) 24. Bxb2 Bxb2 25. d6 (25. Qb5 Nb3 26. Rd1 (26.
Qxa4 Nd2) 26... a5 27. Qxa4 Rb8 $13) 25... Bf6 (25... exd6 $2 26. Bd5 Kh7 (
26... Bg7 27. Qxg6 $16) 27. Qd2 a3 28. Qxa5 $16) 26. Qb5 (26. Bd5 e6) 26... Nb3
27. d7 Rd8 28. Rd1 (28. Qxa4 Nc5 29. Qxa7 Nxd7 $10) 28... Nd4 29. Qxa4 Nxf3+
30. gxf3 e6 31. Rc1 (31. Qxa7 Kg7 $10) 31... Kg7 32. Kg2 Rb8 33. Qxa7 Rfd8 34.
Qc7 (34. Qxb8 $2 Rxb8 35. Rc8 Rb7 36. d8=Q Bxd8 37. Rxd8 Kf6 $17) 34... Rb5 35.
Rd1 Rf5 36. Rd3 Rh5 37. f4 (37. Rb3 Rd5) 37... Rf5 38. Qd6 Rh5 39. Rd1 Rf5 40.
Rd3 Rh5 41. h3 1/2-1/2

[Event "Riga Tal Memorial"]
[Site "Riga"]
[Date "1995.??.??"]
[Round "8"]
[White "Kramnik, Vladimir"]
[Black "Ivanchuk, Vassily"]
[Result "1/2-1/2"]
[WhiteElo "2715"]
[BlackElo "2700"]
[Annotator "Stohl,I"]
[PlyCount "75"]
[EventDate "1995.04.??"]
[EventType "tourn"]
[EventRounds "11"]
[EventCountry "LAT"]
[EventCategory "17"]
[SourceTitle "CBM 047"]
[Source "ChessBase"]
[SourceDate "1995.08.01"]
[SourceVersion "1"]
[SourceVersionDate "1995.08.01"]
[SourceQuality "1"]

1. Nf3 Nf6 2. c4 e6 3. Nc3 b6 4. g3 c5 5. Bg2 Bb7 6. O-O Be7 7. d4 cxd4 8. Qxd4
d6 9. b3 O-O (9... Nbd7 10. Nb5 Nc5 11. Rd1 d5 12. cxd5 exd5 $5 $132 {Despite
the isolated pawn Black has good counterplay, he can activate his pie- ces by
e.g. Nce4 and Bc5.}) (9... a6 10. Ba3 $1 $14) 10. Rd1 Nbd7 11. e4 (11. Nb5 Ne4
$1 12. Qe3 a6 13. Nfd4 Ndf6 14. Nc3 Nxc3 15. Qxc3 Bxg2 16. Kxg2 Qc7 17. Qf3
Rac8 18. Bb2 Nd7 19. Rac1 Rfd8 20. Qe4 Nf6 21. Qf3 Nd7 22. Qe4 Nf6 {1/2:1/2,
Jurek,J-Bischoff,K/Schwaebisch Gmuend op/1995/}) 11... Re8 $5 $146 {An
interesting new idea, provocing a more advantageous version of the endgame,
arising after 11...a6?!} (11... a6 $6 {><b6 This typical move surprisingly
seriously weakens Black's Queen-side and leads to a difficult endgame with a
lasting advantage for White due to his better pawn structure and central
control.} 12. Ba3 Nc5 13. e5 dxe5 14. Qxd8 $1 Rfxd8 15. Nxe5 Bxg2 16. Kxg2 Bf8
(16... Rdc8 17. Na4 $1 Rab8 18. Bxc5 bxc5 19. Rd3 Rb7 20. f4 Kf8 21. g4 Rcc7
22. Rad1 Ke8 23. Rh3 g6 24. f5 $1 $36 {Vaganian,R-Nogueiras,J/Rotterdam WCup/
1989/}) 17. Bxc5 $1 bxc5 18. f4 (18. Na4 $14) 18... Rd6 19. Rxd6 Bxd6 20. Kf3
Bxe5 21. fxe5 Nd7 22. Kf4 Kf8 23. Rd1 Ke7 24. Na4 $14 {Vaganian,R-Huebner,R/
GER-CupT/1993/}) (11... Qb8 12. Ba3 Nc5 13. e5 dxe5 14. Qxe5 Qc8 15. Qe2 $14 {
White is somewhat better, as it's not easy for Black to join his Rooks. His
move 15...a6? with the idea Qc7 has a serious tactical flaw.} a6 $2 16. Na4
Nfd7 (16... Qc7 17. Qe5 $1) 17. Rxd7 Qxd7 18. Nxb6 Qc7 19. Nxa8 Bxa8 20. Rd1
Qa5 21. Bxc5 Qxc5 22. Ne5 $18 {Salov,V-Adams,M/Wijk op/1993/}) (11... Qc8 $5
$132) 12. Ba3 Nc5 13. e5 dxe5 14. Qxd8 (14. Qxe5 Ncd7 $5 (14... Qc8 $10) 15.
Bxe7 Nxe5 16. Rxd8 Raxd8 (16... Rexd8 $2 17. Nxe5 $18) 17. Bxd8 Nxf3+ 18. Bxf3
Bxf3 19. Bxf6 gxf6 $15 {<->d,עg1 Black has an active Bishop and will be the
first to occupy the only open file. Also White's King is caught on the 1-st
rank.}) 14... Rexd8 15. Nxe5 Bxg2 16. Kxg2 (16. Rxd8+ $5 Rxd8 17. Kxg2 Rc8 18.
Rd1 $14 {_|_<->d,() This was maybe a better chance to get more out of the
position. White has the d-file, his King is closer to the center and he plans
to gain more space on the King-side (f4,Kf3,g4-g5 etc.)}) 16... Rdc8 17. Nb5 (
17. Na4 Kf8 $10) 17... Bf8 $1 (17... a6 $2 18. Nd6 Bxd6 19. Rxd6 $16) 18. f4 {
/\Kf3,g4-g5|^} (18. Nd6 Rc7 {/\Nfe4,Rd8<=>}) 18... Nb7 (18... Nce4 $5) 19. Bxf8
Kxf8 20. g4 (20. Nd7+ Ke7 21. Nxf6 gxf6 $132 {This would exchange White's most
active piece and give Black equality, as the Queen-side majority is difficult
to utilize with 4 Rooks on the board.}) 20... Nc5 21. b4 {A double-edged move,
Pc4 could become weak.} (21. Kf3 $5 $14) 21... Na4 22. Rac1 a6 23. Nd6 (23. Nd4
$5 Rc7 24. Kf3 $14 {פa4. Now Black exchanges one of White's strong Knights
and neutralizes the pressure.}) 23... Rc7 24. Kf3 Ne8 $132 25. Ndxf7 $5 {
Retreating Nd6 is not promising, so Kramnik tries to chnge the material balan-
ce. But Black has enough conterplay.} (25. Ne4 Rac8 $132 {/\f6}) 25... Rxf7 26.
Nxf7 Kxf7 27. Rd7+ Kf8 28. Re1 (28. c5 bxc5 29. bxc5 Rc8 30. c6 Nb6 $10) 28...
a5 $1 {With this move Black activates both Ra8 and Na4, holding the position.}
29. a3 (29. bxa5 $6 Nc5 $15) 29... axb4 30. axb4 Nb2 31. g5 (31. Rxe6 Nxc4 {
/\Ra3=} (31... Ra3+ 32. Re3 Rxe3+ 33. Kxe3 Nxc4+ 34. Kd4 $14) 32. g5 {-31.g5})
31... Ra3+ 32. Kg4 Nxc4 33. Rxe6 {/\Rd8+-} Ne3+ 34. Kf3 Nd5+ 35. Ke4 Nec7 $1 {
Joining his Knights. Black is ready to return his Knights for a White Rook, if
he takes the Pb4, the resulting Rook endgame is a clear draw.} 36. Rc6 (36.
Red6 Re3+ 37. Kd4 Rb3 38. Rd8+ Kf7 $10) 36... Re3+ 37. Kd4 Rb3 38. Rdxc7 (38.
Rdxc7 Nxc7 39. Rxc7 Rxb4+ 40. Ke5 Rb2 $10) 1/2-1/2

[Event "Novgorod"]
[Site "Novgorod"]
[Date "1995.05.27"]
[Round "1"]
[White "Short, Nigel D"]
[Black "Kramnik, Vladimir"]
[Result "1-0"]
[WhiteElo "2655"]
[BlackElo "2715"]
[Annotator "Ftacnik,L"]
[PlyCount "109"]
[EventDate "1995.05.??"]
[EventType "tourn"]
[EventRounds "9"]
[EventCountry "RUS"]
[EventCategory "17"]
[SourceTitle "CBM 048"]
[Source "ChessBase"]
[SourceDate "1995.10.01"]
[SourceVersion "1"]
[SourceVersionDate "1995.10.01"]
[SourceQuality "1"]

1. e4 {Dolmatov Horvath,T} c5 2. Nf3 Nc6 3. d4 cxd4 4. Nxd4 Nf6 5. Nc3 e5 6.
Ndb5 d6 7. Bg5 a6 8. Na3 b5 9. Bxf6 gxf6 10. Nd5 {Modern chess is really
special, in the old days weakness of d5 square and disturbed pawn structure
would hardly attract any black players. Now for a couple of years there is
hardly any event where Sveshnikov variation does not occur.} Bg7 11. c3 (11.
Bd3 {Dolmatov} Ne7 $132) 11... f5 12. exf5 Bxf5 13. Nc2 {Horvath,T Heute zählt
die Variante als Populärste gegen "Sveshnikov".Weiser Plan ist einfach:fest
halten das Feld "d5" und angreiffen gegen schwarzen Damenflügel.} Be6 (13...
O-O $6 {Dolmatov} 14. Nce3 Be6 15. Bd3 f5 16. Bc2 Rb8 17. Qh5 Qd7 18. g4 $40)
14. g3 (14. Nce3 {Dolmatov} Ne7 $1) 14... O-O (14... Ne7 {Horvath,T} 15. Bg2
Nxd5 16. Bxd5 O-O $5 17. Bxa8 Qxa8 18. f3 d5 19. O-O d4 $44 {
Nevostrujev-Ivanov/Vladivostok/1995/CBM 46/1109}) 15. Bg2 Rb8 16. O-O Qd7 (
16... a5 17. Qh5 {Short,N-Kramnik,V/Novgorod super/1994/} (17. Re1 $5 Qd7 18.
Qh5 f5 19. Rad1 e4 $5 (19... b4 20. Nce3 bxc3 21. bxc3 e4 $132) 20. Nce3 (20.
f3 Bxd5 21. Rxd5 Qa7+ 22. Kh1 Qf2 23. fxe4 $5 Qxc2 24. exf5) 20... Ne5 21. Re2
Ng6 $8 22. Red2 Be5 $13 {Short,N-Kramnik,V/Novgorod/1994/0-1 (41)}) (17. Nf4 $2
exf4 18. Bxc6 d5) (17. Qd2 Qd7 (17... Ne7 18. Nce3 Nxd5 19. Bxd5 Qb6 20. Qd3
Rfe8 21. Rad1 Rbd8 22. Kg2 Qc5 23. Rd2 Bh6 24. Be4 Bc4 25. Bxh7+ Kg7 26. Qf5
Bxf1+ 27. Kxf1 Bxe3 28. fxe3 Qc4+ 29. Kg1 Qe6 30. Rf2 Qxf5 31. Bxf5 $13 {
Papp,Z-Kocsis,G/HUN-chT2 9394/1994/1-0 (48)}) 18. Rad1 f5 19. f4 e4 20. Nce3
Kh8 21. Kh1 b4 22. g4 bxc3 23. bxc3 fxg4 24. Bxe4 Ne7 25. Nxe7 Qxe7 26. Bg2 Qh4
$132 {Gallagher,J-Maeser,F/SWZ-chT/1994/0.5 (46)}) (17. a3 Qd7 (17... Kh8 18.
Qh5 Ne7 19. Nce3 f5 20. Nxe7 Qxe7 21. Rfd1 e4 22. Nd5 Bxd5 23. Rxd5 Be5 24. Qe2
$10 {Schmaltz,R-Pelletier,Y/Altensteig op/1994/}) 18. Qd2 Kh8 19. Rad1 f5 20.
Rfe1 Rfd8 21. Qg5 (21. Kh1 Qf7 22. Nf4 e4 23. Nxe6 Qxe6 24. Ne3 d5 25. Bh3 Ne7
26. f3 Qg6 27. fxe4 fxe4 28. Rf1 b4 29. axb4 axb4 {Todorcevic,GM-Vukic,M/
JUG-chT(Cetinje)/1993/0.5 (44)}) 21... Qf7 22. Nf4 exf4 23. Bxc6 fxg3 24. hxg3
f4 25. Bd5 fxg3 26. fxg3 Bxd5 27. Qxd5 Qxd5 28. Rxd5 Be5 {Smagin,S-Yakovich,Y/
Palma GMA-op (1)/1989/0.5 (48)}) (17. b4 Qd7 18. bxa5 Nxa5 19. Ncb4 f5 20. a4
e4 21. Na6 Rb7 22. axb5 Rxb5 23. Ndc7 Re5 24. Nxe6 Qxe6 25. f4 Rd5 26. Nc7 Rxd1
27. Nxe6 Rxa1 28. Rxa1 Bxc3 29. Rxa5 {0.5/Anand,V-Vyzmanavin,A/Moscow-B/1987/})
17... Qd7 (17... f5 18. Rad1 Kh8 (18... Qd7 19. Rd2 Kh8 20. Rfd1 Bf7 21. Qh4
Bg6 22. Nf4 exf4 23. Rxd6 Qf7 24. Bxc6 fxg3 25. hxg3 f4 26. Bd5 Qf5 27. Nd4
Bxd4 28. Rxd4 fxg3 29. f3 $16 {Anand,V-Nunn,J/Monaco blind (10)/1995/1-0 (44)})
19. Nce3 Ne7 20. Nxe7 Qxe7 21. g4 e4 22. gxf5 Bxa2 23. Kh1 Bf7 24. Qg4 b4 25.
Nd5 Bxd5 26. Rxd5 bxc3 27. bxc3 Bxc3 28. Rfd1 Be5 29. Rxa5 Rb2 30. Qxe4 Rxf2
$10 {Ljubojevic,L-Illescas Cordoba,M/Linares/1995/0.5 (41)}) 18. Rad1 (18. Nce3
f5 19. g4 fxg4 20. Be4 h6 21. Qg6 Rf7 22. f4 gxf3 23. Qh7+ Kf8 24. Rxf3 Rxf3
25. Bxf3 Bg8 26. Nf6 Qf7 27. Nxg8 Qxg8 28. Qxg8+ {1-0/Dvoirys,S-Iskusnyh,S/
Novgorod op (3)/1995/}) 18... f5 (18... Bg4 $2 19. Qg5 f6 20. Nxf6+ Rxf6 21.
Bxc6 Qxc6 22. Qxg4 $18) 19. Nce3 Qf7 20. Qxf7+ Rxf7 21. Rd2 h5 22. Bf3 f4 23.
Nc2 fxg3 24. fxg3 {Ivanchuk,V-Illescas Cordoba,M/Linares (05)/1995/0.5 (35)}) (
16... Ne7 17. Nxe7+ Qxe7 18. Nb4 Rb6 19. f4 (19. Nd5 Bxd5 20. Bxd5 Kh8 21. Qe2
a5 22. b4 a4 23. a3 e4 24. Rac1 $16 {Feher,Gy-Schroter,T/Zalaegerszeg (02)/
1993/1-0 (49)}) 19... f5 (19... Re8 20. f5 Bc4 21. Re1 a5 22. Nc6 Qd7 23. b3
Rxc6 24. Bxc6 Qxc6 25. bxc4 $16) 20. Bd5 $1 a5 21. Bxe6+ Qxe6 22. Nd5 Rb7 23.
Qd2 Kh8 24. a3 Qc8 (24... Rc8 25. Rad1 {xf5}) 25. Rad1 Qc4 26. Rf2 {Short,
N-Illescas Cordoba,M/Madrid (08)/1995/1-0 (42)}) 17. a4 $1 (17. Qh5 f5 18. Rad1
e4 19. f3 Bxd5 20. Rxd5 Ne7 21. Rd2 d5 22. Bh3 Rb6 23. Kg2 Rh6 24. Qg5 Rg6 25.
Qh5 Rh6 26. Qg5 Rg6 27. Qh5 {0.5/Ivanchuk,V-Kramnik,V/Moscow PCA-Intel GP 25'/
1995/}) (17. Qe2 f5 18. Rad1 Kh8 19. Rd2 e4 20. Nce3 Ne5 21. Rfd1 Rbd8 22. a4
Bh6 23. axb5 axb5 24. Rd4 Qg7 25. Kh1 Qg6 $132 {Lhagvasuren,C-Nunn,J/Moscow
olm (01) MON-ENG/1994/0-1 (33)}) (17. Ncb4 Nxb4 18. Nxb4 Rb6 19. Nd5 Rbb8 20.
Re1 Kh8 21. Re4 f5 22. Rh4 Bf6 23. Rh6 $13 {Polovodin,I-Maljutin,E/
Voroshilovgrad op/1989/0.5 (38)}) (17. Qd2 $5 {Dolmatov} f5 18. f4 $14) 17...
b4 (17... bxa4 18. Rxa4 (18. Ncb4 Nxb4 19. Nxb4 a5 $15) 18... a5 (18... Rxb2
19. Rxa6 Bxd5 (19... Ne7 {Horvath,T} 20. Ncb4 $1 (20. Rxd6 $2 Qxd6 21. Nf6+
Bxf6 22. Qxd6 Rxc2 $19) (20. Nxe7+ Qxe7 21. Rxd6 Bc4 $1 (21... Rxc2 $2 22. Rxe6
$16) 22. Ne3 $1 Bxf1 23. Bxf1 $44) (20. Nce3 {Dolmatov} Nxd5 21. Bxd5 $14) (20.
Ndb4 d5 $132) 20... Nxd5 21. Bxd5 Bh3 (21... Rd8 22. Nc6 $16) 22. Re1 (22. Bg2
$2 Bxg2 23. Kxg2 Qb7+ $19) 22... Qf5 23. Nd3 $16) 20. Bxd5 Ne7 21. Ne3 $14) 19.
Nce3 (19. Rh4 Rxb2 20. Qh5 h6 (20... Bf5 $2 21. Bh3 $1) 21. Nce3 f5 $13) (19.
b4 axb4 20. Ncxb4 Nxb4 21. cxb4 Rb5 $14) 19... Rxb2 20. Rc4 $1 Rc8 21. Qh5 $36)
18. Ncxb4 Nxb4 19. cxb4 (19. Nxb4 a5 20. Nd3 {Horvath,T} (20. Nd5 {Dolmatov}
Rxb2 $10) 20... Bc4 $10 (20... Bb3 $2 21. Nc5 $1 $18)) 19... Bxd5 20. Bxd5 Rxb4
21. b3 {[%csl Gd5,Ra6,Rg7] White s strategy is both simple and convincing. Bd5
is a superpower and a6P will be weak forever. Besides, where should black use
his Bg7?} a5 (21... Rd4 22. Qf3 {Horvath,T} Kh8 {/\f5} (22... a5 {Dolmatov} 23.
Rad1 $14)) (21... e4 22. Ra2) 22. Qe2 (22. Qf3 $2 {Dolmatov} e4 23. Bxe4 Bxa1)
22... e4 (22... Bf6 23. Rad1 Bd8 24. Bc4 Qe7 25. f4 Bb6+ 26. Kg2 $40) 23. Rad1
Qe7 (23... Kh8 $5 {Dolmatov} 24. Bxe4 (24. Bc4 f5 25. Rd5) 24... Re8 25. Bf5 (
25. f3 $2 f5 26. Bxf5 Qa7+ 27. Qf2 Bd4 28. Rxd4 Qxd4 $15) 25... Rxe2 26. Bxd7
Rxb3 27. Rxd6 Rbb2 28. Bb5 Red2 $14) 24. Bc4 Kh8 25. Rd5 f5 26. Rfd1 $6 (26. f4
$1 Qc7 27. Rfd1 Rf6 28. Qh5 $40) (26. Rxa5 f4 27. gxf4 Rxf4 28. Ra8+) 26... Be5
27. Rxa5 Rb7 28. Rad5 (28. Bd5 Rc7 29. Ra8 $1 $16) 28... Qf6 29. f4 {[%csl Ye4,
Yf5] Weakening black s pawn structure, even though white s king becomes more
exposed.} exf3 30. Qxf3 Rg7 31. Kh1 Qh6 32. Rg1 Rg6 $6 (32... Rfg8 {Horvath,T}
33. Rxe5 {Dolmatov} dxe5 34. Bxg8 Kxg8 $16) (32... Rg5 {Dolmatov}) 33. Rd3 Rg5
34. a5 Rh5 35. Qf2 f4 (35... Rh3 {Dolmatov} 36. Rf3 f4 37. g4) 36. g4 Rh3 (
36... Rh4 37. g5 Qh5 38. Rxd6 $1 Rxh2+ (38... Bxd6 39. Qd4+) 39. Qxh2 Qxh2+ 40.
Kxh2 Bxd6 41. Rd1 $16) 37. Rf3 Rxf3 38. Qxf3 Bd4 39. Rd1 Be3 40. a6 Qf6 41. Qd5
$2 (41. Qb7 Qh4 $1 42. a7 Qxg4 43. Rf1 Qc8 $1 $10 (43... f3 $2 44. Qxf3 $1 $18)
) (41. Bd5 $18 {Horvath,T}) 41... f3 $1 (41... Bc5 $2 {Dolmatov} 42. b4 Bxb4
43. a7 Qd8 44. Qd4+ $18) 42. Qxd6 Qg7 43. Bd5 (43. Qe6 $2 Qb2 44. Bf1 Bf4 $19)
(43. Bf1 $5) 43... Ba7 44. Qb4 (44. g5 Bb8 45. Qh6 $16) 44... f2 (44... Bb8 45.
Bxf3 $1) 45. Bg2 Re8 46. Rf1 Qe5 {/\Bb8} 47. Bc6 Re7 (47... Bb8 48. Rxf2) (
47... Qe1 {Horvath,T} 48. Qc4 Re2 49. Bg2 $18 (49. Kg2 $2 Qxf1+ 50. Kxf1 Re1+
51. Kg2 Rg1+ $19)) 48. Qd2 Kg7 49. b4 Rf7 50. b5 Bb6 51. Qd5 Qf4 52. Qe4 Qd6
53. Bd5 Re7 $2 (53... Rf4 54. Qe6 Qxe6 55. Bxe6 h5 $1 56. gxh5 Rb4 57. Bd7 Rd4
58. Bc6 Rg4 59. Bg2 Rg5 $10) 54. Qf5 Bc7 $4 (54... Re5 55. Qf7+ Kh6 56. Bg2 $16
) 55. Qg5+ 1-0

[Event "Novgorod"]
[Site "Novgorod"]
[Date "1995.05.28"]
[Round "2"]
[White "Kramnik, Vladimir"]
[Black "Timman, Jan H"]
[Result "1-0"]
[WhiteElo "2715"]
[BlackElo "2635"]
[Annotator "Ftacnik,L"]
[PlyCount "63"]
[EventDate "1995.05.??"]
[EventType "tourn"]
[EventRounds "9"]
[EventCountry "RUS"]
[EventCategory "17"]
[SourceTitle "CBM 048"]
[Source "ChessBase"]
[SourceDate "1995.10.01"]
[SourceVersion "1"]
[SourceVersionDate "1995.10.01"]
[SourceQuality "1"]

1. Nf3 g6 2. d4 Nf6 3. c4 Bg7 4. Nc3 d5 5. cxd5 Nxd5 6. e4 Nxc3 7. bxc3 c5 8.
Rb1 O-O 9. Be2 cxd4 10. cxd4 Qa5+ 11. Bd2 Qxa2 12. O-O Bg4 13. Bg5 h6 14. Be3
Nc6 15. d5 Na5 16. Bc5 Bf6 17. e5 {In this case it is a sacrifice, but white
always dreams about building a strong center with P on d5 and e5.} Bxe5 18. Rb4
(18. h3 Bxf3 (18... Rfd8 $5 19. hxg4 Rxd5 20. Bd4 $1 Bxd4 21. Nxd4 Rad8 $1 22.
Qc2 $1 Qxc2 23. Nxc2 Rd2 24. Rfd1 $13 {Strelbin-Nadanian,A/URS/1991/}) 19. Bxf3
Rfe8 20. d6 Qc4 21. d7 Qxc5 22. dxe8=Q+ Rxe8 23. Qa4 Nc6 24. Rxb7 $14 {Gelfand,
B-Ivanchuk,V/Tilburg/1990/1-0 (62)}) 18... Bxf3 19. Bxf3 Bf6 $2 (19... Rae8 20.
Be3 Bc3 21. Ra4 Qb2 22. Qd3 b5 23. Bc1 bxa4 24. Bxb2 Bxb2 25. d6 Bf6 26. Qb5
Nb3 27. d7 Rd8 28. Rd1 Nd4 $10 {Kramnik,V-Anand,V/Riga Tal mem (06)/1995/0.5 
(41)}) 20. Ra4 Qb3 21. Rxa5 Qxd1 22. Rxd1 b6 23. d6 $1 {[%csl Gd6] Tactics
will help to turn dP into a magnificient piece.} Rac8 (23... exd6 24. Bxb6 $18)
(23... bxa5 24. dxe7 Rfc8 25. Bxa8 Rxa8 26. Rd7 $18) 24. d7 Rcd8 (24... bxa5
25. dxc8=Q Rxc8 26. Bxa7 $18) 25. Bxe7 $1 Bxe7 {Opposite colour B are not
saving black, because he will be unable to blockade the dP.} (25... bxa5 $2 26.
Bxf6 $18) 26. Rxa7 Rb8 (26... Bc5 27. Re1 f5 28. Bd5+ Kg7 29. Re8 $18) 27. Re1
Bd8 (27... Bf6 28. Bd5 b5 29. Re8 $1 Rbxe8 $140 30. dxe8=Q Rxe8 31. Bxf7+ $18)
28. Re8 {[%csl Yd8,Ye8,Yf8] Black is left tied down, his Rf8 will never be
active again.} b5 (28... Bf6 29. Ra8 $18) 29. Ra8 Rxa8 30. Bxa8 b4 31. Bd5 Kg7
32. Kf1 (32. Kf1 f5 33. Ke2 Bc7 34. Kd3 Bd8 35. Kc4 $18) 1-0